Kraje, w których produkuje się najwięcej ton uranu. - Statystyki

Ogólne statystyki
  • Ten quiz został rozwiązany 55 razy
  • Średni wynik to 6 z 10
Statystyki odpowiedzi
Roczne wydobycie (w tonach) Państwo % Poprawnych
2 904 Rosja
100%
582 Stany Zjednoczone
96%
1 885 Chiny
92%
7 001 Kanada
71%
21 705 Kazachstan
67%
6 517 Australia
63%
2 911 Niger
44%
2 404 Uzbekistan
44%
1 180 Ukraina
40%
5 525 Namibia
29%
Nie znaleziono quizów pasujących do podanych kryteriów
Rozkład punktacji
Procent ludzi z każdym wynikiem
Percentyl według liczby udzielonych odpowiedzi
Twoja historia wyników
Nie rozwiązałeś tego quizu